Operátor skladovania s odborným zameraním na hutnícke a strojárske výrobky, na stavebné materiály, na zdravotnícke potreby, na obchod dočasné učebné dokumenty učebného odboru

Bibliographic Details
Format: Book
Language:Slovak
PhysicalDescription:83 s. tab. 29 cm
Published: Bratislava Slovenské pedagogické nakladateľstvo 1978
Edition:1. vyd.
Subjects:

MARC

LEADER 00000cam a2200000 a 4500
001 vtls001113979
003 SK-MaSNL
005 20260301193944.0
008 250313s1978 xo a j 000 0 slo
015 |a SNBA1978 
020 |q (brož.) 
035 |a SNK000056822 
035 |a urn:nbn:sk:snk-amkwnj 
035 |a urn:nbn:sk:snk-am0080hi 
035 |a B6BA63FE-976E-437E-81B8-1F65CC22CC77 
040 |a SNK  |b slo  |c SNK  |e AACR2 
041 0 |a slo 
044 |a xo  |c SK 
080 |a 621.796:377.35(073)  |2 1981 
080 |a 377.35(073)  |2 1981 
080 |a 371.214.112  |2 1981 
080 |a 621.796  |2 1981 
245 0 0 |a Operátor skladovania s odborným zameraním na hutnícke a strojárske výrobky, na stavebné materiály, na zdravotnícke potreby, na obchod  |b dočasné učebné dokumenty učebného odboru 
250 |a 1. vyd. 
260 |a Bratislava  |b Slovenské pedagogické nakladateľstvo  |c 1978 
300 |a 83 s.  |b tab.  |c 29 cm 
366 |e 200 výt. 
650 0 7 |a strojárske výrobky  |2 SNKPH  |9 67567 
650 0 7 |a hutnícke výrobky  |2 SNKPH  |9 69109 
650 0 7 |a skladovanie  |2 SNKPH  |9 14941 
650 0 7 |a obchod  |2 SNKPH  |9 2198 
655 7 |a učebnice učňovských škôl  |2 SNKPH  |9 166734 
655 7 |a učebné osnovy  |2 SNKPH  |9 60479 
852 |a Slovenská národná knižnica 
958 |a OND 
999 |c 879880  |d 881810 
952 |a SNK  |b SNK  |y PREZ  |7 0  |p 17A0971185  |o snkSB 27554  |i snkKSP 573/79  |0 0  |1 0  |4 0  |d 2014-07-17  |f 1  |l 0  |r 2025-04-01 00:00:00  |w 2026-02-24